| 000 | 01065 a2200205 4500 | ||
|---|---|---|---|
| 001 | 48764 | ||
| 005 | 20260407155753.0 | ||
| 008 | 260407a1990 arg spa d | ||
| 003 | AR-UNSa-BCEJYS | ||
| 040 |
_aAR-UNSa-BCEJYS _bspa _cAR-UNSa-BCEJYS |
||
| 080 |
_a514.12 _xGeometrías euclidianas y seudoeuclidianas. Geometría analítica |
||
| 245 | 1 | 0 | _aGeometria Analítica |
| 020 | _a968-18-1176-3 | ||
| 264 | 1 |
_aMéxico : _bLimusa _c1990 |
|
| 300 |
_a494 p. _c21 cm. |
||
| 505 | _a1. Sistemas de coordenadas - 2. Grafica de una evaluación y lugares geométricos - 3. La línea recta - 4. Evaluación de la circunferencia - 5. Transformación de coordenadas - 6. La parábola - 7. La elipse - 8. La hipérbola - 9. Ecuación general de segundo grado - 10. Coordenadas polares - 11. Ecuaciones paramétricas - 12. Curvas planas de grado superior - 13. El punto en el espacio - 14. El plano - 15. La receta en el espacio - 16. Superficies - 17. Curvas en el espacio. | ||
| 942 | _cBK | ||
| 590 | _aniveau_biblio:m niveau_hierar:0 | ||
| 100 | 1 | _aLehmann, Charles H. | |
| 999 |
_c4701 _d4701 |
||